Spell the Marvel Character #156 - Statistics

General Stats
  • This quiz has been taken 13 times
  • The average score is 6 of 7
Answer Stats
Picture Answer % Correct
Angel
100%
Thing
100%
GoGo
91%
Gambit
82%
Iceman
82%
Blink
64%
Marvel Boy
64%
No matching quizzes found
Score Distribution
Percent of People with Each Score
Percentile by Number Answered
Your Score History
You have not taken this quiz